00864nac a22002291u 4500020001500000082001800015090001500033100003400048245009700082260006400179300003200243500002600275500002000301511002800321650003000349650002500379700002400404710004300428942002100471999001500492952012700507 a8172248539 a658.3121bSTR c9720d9720 aStredwick, John.  aFlexible working practices :b techniques and innovations /c John Stredwick and Steve Ellis aLondon :bInstitute of Personnel and Development,1998c1998 axv,328p. :b ill. ;c 25cm. aDistributer: Al-Ahram aIncludes index. aCatalogued By: Mahitab. aHours of labor, Flexible. aPersonnel management aEllis, Steved1960- aInstitute of Personnel and Development cBBk658.3121 STR c9720d9720 00104070aMAINbMAINc1STd2008-06-01ePurchasel1o658.3121 STRp000011661r2025-07-15 00:00:00s2009-04-01v318.00yBB